000 00300nam a2200133Ia 4500
008 200615s9999||||xx |||||||||||||| ||und||
082 _a620
_bSTR-K
100 _aKUMAR,RANJAN
245 0 _aSTRENGTH OF MATERIALS
250 _a1ST
260 _aNew Delhi
_bAITBS
_c2018
300 _a250
942 _cBK
999 _c29731
_d29731